Państwa leżące na byłych terenach Imperium Rzymskiego - Statystyki

Ogólne statystyki
  • Ten quiz został rozwiązany 118 razy
    107 od ostatniego zresetowania
  • Średni wynik to 45 z 50
Statystyki odpowiedzi
Państwa % Poprawnych
Turcja
97%
Belgia
96%
Francja
96%
Hiszpania
96%
Niemcy
96%
Portugalia
96%
San Marino
96%
Wielka Brytania
96%
Włochy
96%
Austria
94%
Holandia
94%
Watykan
94%
Algieria
93%
Chorwacja
93%
Grecja
93%
Izrael
93%
Serbia
93%
Słowenia
93%
Egipt
92%
Iran
91%
Libia
91%
Maroko
91%
Rosja
91%
Rumunia
91%
Szwajcaria
91%
Irak
90%
Andora
89%
Bułgaria
89%
Kosowo
89%
Luksemburg
89%
Tunezja
89%
Albania
88%
Bośnia I Hercegowina
88%
Gruzja
88%
Mołdawia
88%
Syria
88%
Ukraina
88%
Arabia Saudyjska
87%
Czarnogóra
87%
Monako
87%
Armenia
85%
Liechtenstein
85%
Cypr
84%
Malta
84%
Węgry
82%
Azerbejdżan
81%
Liban
81%
Macedonia Północna
80%
Jordania
75%
Kuwejt
65%
Nie znaleziono quizów pasujących do podanych kryteriów
Rozkład punktacji
Procent ludzi z każdym wynikiem
Percentyl według liczby udzielonych odpowiedzi
Twoja historia wyników
Nie rozwiązałeś tego quizu od ostatniego zresetowania